000 00404nam a2200157Ia 4500
008 230718s9999 xx 000 0 und d
041 _aeng
082 _a891.46
_bGOD
100 _aGodbole A.
_9107888
245 _aManat
260 _c2013
_bManovikas Prakashan
300 _a589
365 _cRs.
_b375.00
700 _aGodbole A.
_9107888
906 _dO:0337214-Jun-2013B:346317-May-2013
_cGENRL
_b75
999 _c332382
_d332382